Statistics for Lana Del Rey - Sad Girl Lyrics

Click here to take the quiz!

General Stats

  • This quiz has been taken 56 times
  • The average score is 343 of 389

Answer Stats

Answer% Correct
a
98%
girl
95%
me
95%
on
95%
sad
95%
the
95%
you
95%
You
95%
But
93%
my
93%
he
90%
I'm
90%
side
90%
to
90%
and
88%
bad
88%
be
88%
do
88%
got
88%
haven't
88%
It
88%
it
88%
(Man)
88%
man
88%
man)
88%
(Man
88%
money
88%
seen
88%
who
88%
fire
86%
He's
86%
His
86%
Makes
86%
Might
86%
might
86%
not
86%
Being
83%
something
83%
walks
83%
would
83%
mistress
81%
with
81%
like
79%
oh)
79%
talks
79%
him
76%
fools
74%
talking
74%
Ah
71%
ah
71%
(Ah
71%
(Ah)
71%
ah)
71%
bitch
71%
Careful
71%
say
71%
Watch
71%
what
71%
you're
71%
appeal
69%
around
69%
Bonnie
69%
baby
64%
gets
64%
high
57%
while
55%
Creeping
50%
yeah
50%
(Whoa
36%

Score Distribution

Percentile by Number Answered

Percent of People with Each Score

Your Score History

You have not taken this quiz